Implementing the IT Balanced Scorecard : Aligning IT with Corporate Strategy /

Contenido: ¿Por qué un cuadro de mando integral?; Comprensión de la administración del desempeño: el cuadro de mando integral en el nivel corporativo; Elementos clave de un proyecto de cuadro de mando integral; Alineación de las tecnologías de información en la estrategia organizacional; Alineación...

ver descrição completa

Na minha lista:
Detalhes bibliográficos
Autor principal: Keyes, Jessica (autor)
Formato: Livro
Idioma:inglês
Publicado em: Boca Ratón, EUA : Auerbach, 2005, c2005
Assuntos:
Tags: Adicionar Tag
Sem tags, seja o primeiro a adicionar uma tag!

MARC

LEADER 00000nam^a2200000^a^4500
001 000182629
005 20250521000000.0
009 20260310102014.023
020 |a 0-8493-2621-4 
037 |a Acervo ITESO - Biblioteca 
041 |a ING 
082 |a 658. 00285  |b KEY 
100 |a Keyes, Jessica  |e (autor) 
245 1 0 |a Implementing the IT Balanced Scorecard :  |b Aligning IT with Corporate Strategy /  |c J. Keyes. 
264 4 |a Boca Ratón, EUA :  |b Auerbach,  |c 2005, c2005 
300 |a XXII, 500 p. 
336 |a texto  |b txt  |2 rdacontenido 
337 |a sin mediación  |b n  |2 rdamedio 
338 |a volumen  |b nc  |2 rdasoporte 
520 |a Contenido: ¿Por qué un cuadro de mando integral?; Comprensión de la administración del desempeño: el cuadro de mando integral en el nivel corporativo; Elementos clave de un proyecto de cuadro de mando integral; Alineación de las tecnologías de información en la estrategia organizacional; Alineación de las tecnologías de información para que cumplan objetivos financieros; Alineación de las tecnologías de información para que cumplan los objetivos de los clientes; Alineación de las tecnologías de información para que cumplan los objetivos de proceso del negocio; Alineación de las tecnologías de información para promover el aprendizaje y el crecimiento; Conformidad, conocimiento y aseguramiento; El cuado de mando integral y otras herramientas de medición del desempeño. Apéndices: Estudio de las competencias del equipo de tecnologías de información; Guía de evaluación del software de medición de la capacidad de la Fuerza Aérea norteamericana; Referencia de mediciones tradicionales de tecnologías de información; Análisis del cuadro integral de mando de eBay; Colección de datos de benchmarking de requisitos de ingeniería de software; Competencias de comportamiento; El Premio Programa de Calidad Nacional Malcolm Baldrige; Metodologías de medición del valor; Ejemplos de cuadro de mando integral; Recursos; La auditoría de negocios electrónicos; Establecimiento de un programa de medición de software; Ventajas del proceso en un nivel CMM: enfoque en el mejoramiento del proceso; Medidas de desempeño selectas. 
649 |a XX 
650 |a Empresas -  |x Administración 
650 |a Proceso Electrónico de Datos 
650 |a Sistemas de Información 
650 |a Tecnologías de Comunicación e Información 
650 |a Informática 
650 |a Cambio Organizacional 
650 |a Comportamiento Organizacional 
650 |a Cultura Organizacional 
650 |a Productividad 
650 |a Eficiencia Institucional 
650 |a Exito Administrativo 
650 |a Evaluación del Desempeño 
650 |a Planeación Estratégica 
650 |a Planeación Administrativa 
650 |a Control Administrativo 
650 |a Proceso Administrativo 
650 |a Administración 
650 |a Ciencias Administrativas 
910 |a Fondo General 
920 |a Impresos - Libros 
930 |a Colección General 
905 |a 101 
901 |a 0500122590  |b IT1  |c ACC  |u 20250521 
902 |a https://opac.biblio.iteso.mx/vufind/Record/000182629